Normal view
MARC view
- Sangia, Muhammad Ayub
Entry Personal Name
001 - CONTROL NUMBER
- control field: 14564
003 - CONTROL NUMBER IDENTIFIER
- control field: NUST
005 - DATE AND TIME OF LATEST TRANSACTION
- control field: 20190528044001.0
008 - FIXED-LENGTH DATA ELEMENTS
- fixed length control field: 190528|| aca||aabn | a|a d
040 ## - CATALOGING SOURCE
- Original cataloging agency: NUST
- Transcribing agency: NUST
100 ## - HEADING--PERSONAL NAME
- Personal name: Sangia, Muhammad Ayub
670 ## - SOURCE DATA FOUND
- Source citation: Work cat.: (NUST): Sangia, Muhammad Ayub, Yaraan Naal Bharaan /, 2006.
